เปลี่ยนเป็นภาษาไทย

Change to English
 แสดงรายละเอียดบรรณานุกรม
  กลับหน้าหลัก
ห้องสมุดโรงเรียนพะเยาพิทยาคม...ยินดีต้อนรับ...ทุกท่านเข้าสู่ระบบห้องสมุดอัตโนมัติ

Brief Record : Get Marc (ISO 2709) : E-mail record : QR code ปิดหน้าต่าง
หนังสืออ้างอิง : เกี่ยวกับ Collections
LEADER 00000nam 2200000uu 4500
001    13399114215
003     ULIBM
008    130925s2555||||th 000 0 tha d
020    ^a9786162113475
082    ^a900^bพ635ภ
100    ^aไพโรจน์ โพธิ์ไทร
245    ^aภูมิหลังชนชาติพยู มอญ พม่า /^cโดย ไพโรจน์ โพธิ์ไทร
250    ^aมปพ
260    ^aกรุงเทพฯ :^bวังอักษร,^c2555.
300    ^a340หน้า :^bภาพประกอบ ;^c20ซม.
650    ^aประวัติศาสตร์--แหล่งข้อมูล
945    ^p250^l0^i40984
945    ^p250^l0^i40985
999     ^aธิดาพร
 
คุณยังไม่ได้ล็อกอิน คุณสามารถมีกิจกรรมร่วมกับเว็บไซต์ได้ แต่ต้องล็อกอินก่อน ::
  ล็อกอิน
ลำดับที่ ประเภท เลขเรียก/บาร์โค้ด สถานที่ สถานะ
1. หนังสือ
หนังสือ
900 พ635ภ 2555  
  Barcode: 40984
ห้องสมุด
►หนังสือทั่วไป
On Shelf
  ขอยืม
2. หนังสือ
หนังสือ
900 พ635ภ 2555 ฉ.2 
  Barcode: 40985
ห้องสมุด
►หนังสือทั่วไป
On Shelf
  ขอยืม
   [แสดง 2/2 รายการ]

หนังสือดีน่าอ่าน


“ดั่งดวงแก้ว ส่องสว่าง ทางสายงาม”


จัดทำขึ้นเพื่อเฉลิมพระเกียรติ สมเด็จพระเทพรัตนราชสุดา ฯ สยามบรมราชกุมารี 
เนื่องในโอกาสมหามงคลเฉลิมพระชนมพรรษา ๕ รอบ ๒ เมษายน ๒๕๕๘ 

โดยหนังสือเล่มนี้ได้รวบรวม ๖๐ พระอัจฉริยภาพของสมเด็จพระเทพ ฯ 
ผู้อ่านจะได้รับแรงบันดาลใจให้พากเพียรเรียนรู้และขยันอดทนทำการงาน
ตามรอยเบื้องพระยุคลบาท เพราะพระองค์ทรงเป็นแบบอย่างอันดีเยี่ยมในทุกด้าน 

ทั้งในความใฝ่รู้ใฝ่เรียน คุณธรรมจริยธรรม พระวิริยอุตสาหะในการทรงงาน 
และอื่นๆอีกมากมาย ล้วนสามารถสร้างแรงบันดาลใจให้แก่เด็กและเยาวชน

อีกทั้งประชาชนทั่วไป ให้พากเพียรเรียนรู้และขยันอดทนทำการงานตามรอยพระยุคลบาท 
เพื่อฝึกฝนตนเองให้เป็นคนดีคนเก่งของครอบครัวและสังคมต่อไป



แสดงความเห็นเกี่ยวกับหนังสือเล่มนี้


ยังไม่เคยถูกคอมเมนท์

คอมเมนท์ทรัพยากรรายการนี้
  คอมเมนท์: ภูมิหลังชนชาติพย..

 
 
 

 

ห้องสมุดเฉลิมพระเกียรติกาญจนาภิเษก  โรงเรียนพะเยาพิทยาคม อำเภอเมือง จังหวัดพะเยา 56000

 E-mail  : Library_ppk@windowslive.com     Library Phayaopittayakom 05-4431-275 ต่อ 4621


 Union Library Management : ULibM
Copyright 2026. All Rights Reserved.